<?xml version="1.0" encoding="UTF-8"?>
<record
    xmlns:xsi="http://www.w3.org/2001/XMLSchema-instance"
    xsi:schemaLocation="http://www.loc.gov/MARC21/slim http://www.loc.gov/standards/marcxml/schema/MARC21slim.xsd"
    xmlns="http://www.loc.gov/MARC21/slim">

  <leader>03370nam a2200553Ia 4500</leader>
  <controlfield tag="001">312</controlfield>
  <controlfield tag="008">241029s9999    xx            000 0 und d</controlfield>
  <datafield tag="010" ind1=" " ind2=" ">
    <subfield code="a">280</subfield>
  </datafield>
  <datafield tag="041" ind1=" " ind2=" ">
    <subfield code="a">Espa&#xF1;ol</subfield>
  </datafield>
  <datafield tag="082" ind1=" " ind2=" ">
    <subfield code="a">ISFODOSU TMLA 13-0001 BFEM EJ.1</subfield>
  </datafield>
  <datafield tag="245" ind1=" " ind2="0">
    <subfield code="a">Comprensi&#xF3;n lectora en estudiantes del 1er. Ciclo del Nivel Medio en el Liceo Dr. Dar&#xED;o G&#xF3;mez, del Distrito Escolar 10-05 de Boca Chica. A&#xF1;o escolar 2011-2012.</subfield>
  </datafield>
  <datafield tag="260" ind1=" " ind2=" ">
    <subfield code="a">Santo Domingo</subfield>
  </datafield>
  <datafield tag="300" ind1=" " ind2=" ">
    <subfield code="a">78</subfield>
  </datafield>
  <datafield tag="520" ind1=" " ind2=" ">
    <subfield code="a">9</subfield>
  </datafield>
  <datafield tag="630" ind1=" " ind2=" ">
    <subfield code="a">Comprensi&#xF3;n Lectora</subfield>
  </datafield>
  <datafield tag="630" ind1=" " ind2=" ">
    <subfield code="a">Estudiantes</subfield>
  </datafield>
  <datafield tag="630" ind1=" " ind2=" ">
    <subfield code="a">Proceso Educativo</subfield>
  </datafield>
  <datafield tag="650" ind1=" " ind2=" ">
    <subfield code="a">Lengua Espa&#xF1;ola</subfield>
  </datafield>
  <datafield tag="690" ind1=" " ind2=" ">
    <subfield code="a">Elaborado</subfield>
  </datafield>
  <datafield tag="700" ind1=" " ind2=" ">
    <subfield code="e">asesor</subfield>
    <subfield code="a">Garc&#xED;a R., Jos&#xE9; Rem&#xC3;&#x8D;gio </subfield>
  </datafield>
  <datafield tag="700" ind1=" " ind2=" ">
    <subfield code="e">autor</subfield>
    <subfield code="a">P&#xE9;rez Heredia , Santa Maritza </subfield>
  </datafield>
  <datafield tag="700" ind1=" " ind2=" ">
    <subfield code="e">autor</subfield>
    <subfield code="a">Gil De Cena , Angela mar&#xED;a </subfield>
  </datafield>
  <datafield tag="901" ind1=" " ind2=" ">
    <subfield code="a">{"1":"P&#xE9;rez Heredia ","2":"Gil De Cena "}</subfield>
    <subfield code="b">{"1":"Santa Maritza ","2":"Angela mar&#xED;a "}</subfield>
  </datafield>
  <datafield tag="902" ind1=" " ind2=" ">
    <subfield code="a">1</subfield>
  </datafield>
  <datafield tag="903" ind1=" " ind2=" ">
    <subfield code="a">{"1":"Garc&#xED;a R."}</subfield>
    <subfield code="b">{"1":"Jos&#xE9; Rem&#xC3;&#x8D;gio "}</subfield>
  </datafield>
  <datafield tag="904" ind1=" " ind2=" ">
    <subfield code="a">Mag&#xED;ster en</subfield>
  </datafield>
  <datafield tag="905" ind1=" " ind2=" ">
    <subfield code="a">Ling&#xFC;&#xED;stica Aplicada</subfield>
  </datafield>
  <datafield tag="906" ind1=" " ind2=" ">
    <subfield code="a">1</subfield>
  </datafield>
  <datafield tag="907" ind1=" " ind2=" ">
    <subfield code="a">Orientada en</subfield>
  </datafield>
  <datafield tag="908" ind1=" " ind2=" ">
    <subfield code="a">Ense&#xF1;anza de la Lengua Espa&#xF1;ola</subfield>
  </datafield>
  <datafield tag="909" ind1=" " ind2=" ">
    <subfield code="a">ISFODOSU, Recinto F&#xE9;lix Evaristo Mej&#xED;a</subfield>
  </datafield>
  <datafield tag="910" ind1=" " ind2=" ">
    <subfield code="a">NULL</subfield>
    <subfield code="b">NULL</subfield>
  </datafield>
  <datafield tag="911" ind1=" " ind2=" ">
    <subfield code="a">["1"]</subfield>
  </datafield>
  <datafield tag="912" ind1=" " ind2=" ">
    <subfield code="a">NO APLICA</subfield>
  </datafield>
  <datafield tag="913" ind1=" " ind2=" ">
    <subfield code="a">NULL</subfield>
  </datafield>
  <datafield tag="914" ind1=" " ind2=" ">
    <subfield code="a">03 de Junio de 2013</subfield>
  </datafield>
  <datafield tag="915" ind1=" " ind2=" ">
    <subfield code="a">21/11/19 12:11</subfield>
  </datafield>
  <datafield tag="916" ind1=" " ind2=" ">
    <subfield code="a">NULL</subfield>
  </datafield>
  <datafield tag="917" ind1=" " ind2=" ">
    <subfield code="a">NULL</subfield>
  </datafield>
  <datafield tag="918" ind1=" " ind2=" ">
    <subfield code="a">NO APLICA</subfield>
  </datafield>
  <datafield tag="919" ind1=" " ind2=" ">
    <subfield code="a">["43","96","165"]</subfield>
  </datafield>
  <datafield tag="520" ind1=" " ind2=" ">
    <subfield code="a">Los objetivos principales de este estudio consistieron en establecer el nivel de comprensi&#xF3;n lectora en los estudiantes del Primer Ciclo del Nivel Medio en el Liceo Dr, Dar&#xED;o G&#xF3;mez del Distrito 10-05 de Boca Chica, determinar el nivel de dificultad y preferencia en el proceso de comprensi&#xF3;n lectora que presentan los alumnos/as del Primer Ciclo del Nivel Medio de dicho Liceo e identificar las estrategias de ense&#xF1;anza que utilizan los docentes en el proceso de comprensi&#xF3;n lectora.El m&#xE9;todo utilizado fue el inductivo; se fundament&#xF3; en la observaci&#xF3;n, la interpretaci&#xF3;n y en la aplicaci&#xF3;n de t&#xE9;cnicas. Como instrumento se utiliz&#xF3; el cuestionario la observaci&#xF3;n, la entrevista y ejercicios de comprensi&#xF3;n lectora.Se trabaj&#xF3; con una poblaci&#xF3;n de doscientos veinte (220) alumnos/as y como muestra se tom&#xF3; el total de la poblaci&#xF3;n que representa la matr&#xED;cula general del Centro.El estudio concluy&#xF3;, que en nuestro pa&#xED;s se presenta un bajo rendimiento en la comprensi&#xF3;n lectora, ya que los estudiantes del Primer Ciclo del Nivel Medio no logran una comprensi&#xF3;n acabada de los textos que leen, que ellos son capaces de manejar informaci&#xF3;n mental personal de lo le&#xED;do, que el papel de docente tienen una gran responsabilidad que es presentar una variedad de estrategias en el proceso de lectura para mejorar las habilidades comprensiva de sus estudiantes.El estudio recomend&#xF3; que los docentes de Lengua Espa&#xF1;ola, deben disponer de textos con intenci&#xF3;n comunicativas diversas, seleccionar los textos adecuados con caracter&#xED;sticas individuales y socioculturales de sus alumnos/as y que se apropie primero de los que va a ense&#xF1;ar y luego impartirlo, que cada maestro cree nuevas estrategias para mejorar la calidad de comprensi&#xF3;n lectora de los estudiantes.</subfield>
  </datafield>
  <datafield tag="921" ind1=" " ind2=" ">
    <subfield code="a">16</subfield>
  </datafield>
  <datafield tag="922" ind1=" " ind2=" ">
    <subfield code="a">16</subfield>
  </datafield>
  <datafield tag="923" ind1=" " ind2=" ">
    <subfield code="a">0</subfield>
  </datafield>
  <datafield tag="924" ind1=" " ind2=" ">
    <subfield code="a">NO APLICA</subfield>
  </datafield>
  <datafield tag="942" ind1=" " ind2=" ">
    <subfield code="c">Tesis</subfield>
  </datafield>
  <datafield tag="999" ind1=" " ind2=" ">
    <subfield code="c">280</subfield>
    <subfield code="d">280</subfield>
  </datafield>
</record>
